000 00581nam a2200169 a 4500
001 000026841
005 20200930030437.0
008 110325s19uu dr 000 0 spa d
040 _aDO-SdBNP
_bspa
_cBNPHU
082 _axxx
_bR299d
110 1 _aRepública Dominicana.
_bOficina Nacional de Administración de Personal.
_98441
245 1 0 _aManual de clasificación de puestos del Instituto Nacional de Aguas Potables y Alcantarillados.
260 _aSanto Domingo :
_bONAP,
_c[19--?].
300 _a[219 p. ] ;
_c28 cm.
710 2 _aSecretariado Técnico
_953961
049 _aBNPD
999 _c26333
_d26333